| 000 | 00600cam a22002053a 4500 | ||
|---|---|---|---|
| 001 | 42403 | ||
| 003 | PGUSA | ||
| 005 | 20140828083948.0 | ||
| 008 | 130324s2013||||xxu|||||s|||||000 | eng d | ||
| 040 |
_aPGUSA _beng |
||
| 042 | _adc | ||
| 100 | 1 | _aChadwick, Lester | |
| 245 | 1 | 4 |
_aThe Eight-Oared Victors : _bA Story of College Water Sports _h[electronic resource] / _cLester Chadwick |
| 260 |
_bProject Gutenberg, _c2013 |
||
| 506 | _aPublic domain in the USA. | ||
| 516 | _aElectronic text | ||
| 830 | 0 |
_aProject Gutenberg _v42403 |
|
| 856 | 4 | 0 | _uhttp://www.gutenberg.org/ebooks/42403 |
| 942 | _cEB | ||
| 999 |
_c271655 _d271655 |
||